Family planning: A study of post graduate students perceptions (Record no. 72297)

MARC details
000 -LEADER
fixed length control field 00361nam a2200145Ia 4500
008 - FIXED-LENGTH DATA ELEMENTS--GENERAL INFORMATION
fixed length control field 230917s9999||||xx |||||||||||||| ||und||
040 ## - CATALOGING SOURCE
-- 89512
Original cataloging agency VIVEKANANDA LIBRARY
041 ## - Language
-- English
082 ## - DDC NUMBER
Classification number 301.426 S23F
100 ## - MAIN ENTRY--PERSONAL NAME
Personal name Sharma, Rachna
245 #0 - TITLE STATEMENT
Title Family planning: A study of post graduate students perceptions
260 ## - PUBLICATION, DISTRIBUTION, ETC. (IMPRINT)
Date of publication, distribution, etc 1989
300 ## - PHYSICAL DESCRIPTION
Pages 85 p.
942 ## - ADDED ENTRY ELEMENTS (KOHA)
Koha item type Thesis
Holdings
Withdrawn status Lost status Damaged status Not for loan Location (home branch) Sublocation or collection (holding branch) Date acquired Koha issues (times borrowed) Koha full call number Accession No. Koha date last seen Koha item type
        VIVEKANANDA LIBRARY VIVEKANANDA LIBRARY 30/04/2003   301.426 S23F 146271 17/09/2023 Thesis
        VIVEKANANDA LIBRARY VIVEKANANDA LIBRARY 30/04/2003   301.426 S23F 146272 17/09/2023 Thesis
© Designed and Maintained by Vivekananda Library, MDU Rohtak